| 000 | nam a22 7a 4500 | ||
|---|---|---|---|
| 999 |
_c55765 _d55765 |
||
| 003 | OSt | ||
| 005 | 20221006094745.0 | ||
| 008 | 221006b xxu||||| |||| 00| 0 eng d | ||
| 040 | _cIIMT College of Management Noida | ||
| 100 | _aBhole, LM & Mahakud, Jitendra | ||
| 245 | _aFinancial Institutions and Markets | ||
| 260 |
_aDelhi _bMcGraw Hill Education _c2022 |
||
| 300 | _aI.14 | ||
| 942 |
_2ddc _c02 _e6 |
||